000 00357nam a2200145Ia 4500
008 230711s9999||||xx |||||||||||||| ||und||
041 _aENG
082 _a624
_bDA-D
100 _aP. Dayaratnam
245 0 _aDesign of steel structures
250 _a1st Ed.
260 _c1990
_aNew Delhi
_bWheeler & Corporative
650 _aCivil Engineering
942 _cBK
999 _c1086
_d1086